Merrick Hill
N/A
Categories
History - European | 1 | 2 | 0 | 0 | 35 | 61 | 92.67 | 0 | 0 |
History - World | 0 | 3 | 0 | 0 | 30 | 75 | 103.33 | 0 | 0 |
History - Cross, Historiography, and Miscellaneous | 0 | 3 | 0 | 0 | 30 | 75 | 90.67 | 0 | 0 |
Other - Other Academic and General Knowledge | 1 | 0 | 0 | 0 | 15 | 61 | 61.00 | 0 | 0 |
Geography - United States | 1 | 0 | 0 | 0 | 15 | 29 | 29.00 | 1 | 1 |
History - American | 1 | 0 | 0 | 0 | 15 | 56 | 56.00 | 0 | 0 |
Science - Astronomy | 0 | 1 | 0 | 0 | 10 | 92 | 92.00 | 0 | 0 |
Fine Arts - Painting | 0 | 1 | 0 | 0 | 10 | 115 | 115.00 | 0 | 0 |
RMP - Islam | 0 | 1 | 0 | 0 | 10 | 79 | 79.00 | 0 | 0 |
Fine Arts - Music | 0 | 0 | 0 | 0 | 0 | 0.00 | 0 | 0 | |
RMP - Hinduism | 0 | 0 | 0 | 0 | 0 | 0.00 | 0 | 0 |